[Event "Sydney International Open"]
[Site "Parramatta, NSW, Australia"]
[Date "2008.03.28"]
[Round "6.3"]
[White "Reprintsev, Alexander"]
[Black "Malakhatko, Vadim"]
[Result "1/2-1/2"]
[WhiteElo "2406"]
[BlackElo "2600"]
[Annotator "www.chessaustralia.com.au"]
[PlyCount "105"]
[EventDate "2008.03.27"]
[EventType "game"]
[EventRounds "9"]
[EventCountry "AUS"]
[Source "ACE"]

1. e4 c6 2. c4 d5 3. exd5 cxd5 4. cxd5 Nf6 5. Nc3 Nxd5 6. Nf3 e6 7. Bc4 Nxc3 8.
dxc3 Qc7 9. Qe2 Nc6 10. Bg5 Be7 11. Bxe7 Qxe7 12. O-O-O Bd7 13. Rd2 O-O-O 14.
Rhd1 e5 15. Qe3 f6 16. Bd5 Kb8 17. Be4 g6 18. Rd6 Bc8 19. Qc5 Rxd6 20. Qxd6+
Qxd6 21. Rxd6 Rf8 22. c4 Kc7 23. c5 Ne7 24. b4 Bg4 25. Nd2 Nc8 26. f3 Bxf3 27.
gxf3 Nxd6 28. cxd6+ Kd7 29. Bxb7 Rb8 30. Ba6 Kxd6 31. Ne4+ Ke7 32. Nc3 Kd6 33.
a3 f5 34. Bd3 Kc6 35. Kd2 Rd8 36. Ke2 Rd4 37. Nb5 Rh4 38. Nxa7+ Kb6 39. Nb5
Rxh2+ 40. Ke1 e4 41. fxe4 fxe4 42. Bf1 Ra2 43. Nd6 Kc6 44. Nxe4 Rxa3 45. b5+
Kb6 46. Kf2 h5 47. Be2 h4 48. Nd2 Ra2 49. Nc4+ Kxb5 50. Ne5+ Kc5 51. Nxg6 h3
52. Nf4 h2 53. Kg2 1/2-1/2

[Event "Sydney International Open"]
[Site "Parramatta, NSW, Australia"]
[Date "2008.03.28"]
[Round "6.5"]
[White "Zozulia, Anna"]
[Black "Antonio, Rogelio"]
[Result "1/2-1/2"]
[WhiteElo "2344"]
[BlackElo "2529"]
[Annotator "www.chessaustralia.com.au"]
[PlyCount "43"]
[EventDate "2008.03.27"]
[EventType "game"]
[EventRounds "9"]
[EventCountry "AUS"]
[Source "ACE"]

1. e4 c6 2. d4 d5 3. exd5 cxd5 4. Bd3 Nc6 5. c3 Nf6 6. h3 Qc7 7. Ne2 e6 8. Bf4
Bd6 9. Bxd6 Qxd6 10. Nd2 O-O 11. Nf3 Ne4 12. Qc1 Bd7 13. Qf4 Qxf4 14. Nxf4 Nd6
15. O-O Rfc8 16. Rfe1 b5 17. a3 Rab8 18. Bf1 a5 19. Nd3 Ne4 20. Nfe5 Nxe5 21.
Nxe5 Be8 22. Nd3 1/2-1/2

[Event "Sydney International Open"]
[Site "Parramatta, NSW, Australia"]
[Date "2008.03.28"]
[Round "6.6"]
[White "Zhao, Zong-Yuan"]
[Black "Mas, Hafizulhelmi"]
[Result "1-0"]
[WhiteElo "2487"]
[BlackElo "2382"]
[Annotator "www.chessaustralia.com.au"]
[PlyCount "73"]
[EventDate "2008.03.27"]
[EventType "game"]
[EventRounds "9"]
[EventCountry "AUS"]
[Source "ACE"]

1. Nf3 Nf6 2. c4 e6 3. Nc3 Bb4 4. Qc2 b6 5. a3 Bxc3 6. Qxc3 O-O 7. b4 a5 8. b5
d6 9. Bb2 Nbd7 10. e3 Bb7 11. Be2 Qe7 12. O-O e5 13. d3 Ng4 14. h3 Nh6 15. d4
f6 16. a4 Rfe8 17. Rfe1 Kh8 18. Ba3 Qf7 19. c5 dxc5 20. dxc5 Bd5 21. Nd2 Qg6
22. e4 Be6 23. Bc4 Qf7 24. Rac1 Red8 25. Bf1 bxc5 26. Qc2 Ng8 27. Nc4 Ne7 28.
Red1 Nc8 29. Bxc5 Ncb6 30. Be3 Rdc8 31. Nxb6 Nxb6 32. Rd3 Rab8 33. Rc3 Na8 34.
Rc6 Bb3 35. Qc3 Bxa4 36. Qxa5 Qb3 37. R6c3 1-0

[Event "Sydney International Open"]
[Site "Parramatta, NSW, Australia"]
[Date "2008.03.28"]
[Round "6.7"]
[White "Johansen, Darryl"]
[Black "Samar, Raul"]
[Result "1/2-1/2"]
[WhiteElo "2475"]
[BlackElo "2254"]
[Annotator "www.chessaustralia.com.au"]
[PlyCount "43"]
[EventDate "2008.03.27"]
[EventType "game"]
[EventRounds "9"]
[EventCountry "AUS"]
[Source "ACE"]

1. d4 Nf6 2. c4 e6 3. Nf3 b6 4. g3 Ba6 5. Nbd2 Be7 6. Bg2 Bb7 7. O-O O-O 8. Re1
d5 9. b3 Nbd7 10. Bb2 a5 11. Qc2 Rc8 12. Rad1 Re8 13. Qb1 Ne4 14. Nxe4 dxe4 15.
Ne5 Bb4 16. Rf1 f5 17. a3 Bf8 18. Nxd7 Qxd7 19. f3 exf3 20. exf3 a4 21. b4 b5
22. cxb5 1/2-1/2

[Event "Sydney International Open"]
[Site "Parramatta, NSW, Australia"]
[Date "2008.03.28"]
[Round "6.8"]
[White "Rej, Tomek"]
[Black "Chandler, Murray"]
[Result "0-1"]
[WhiteElo "2283"]
[BlackElo "2540"]
[Annotator "www.chessaustralia.com.au"]
[PlyCount "78"]
[EventDate "2008.03.27"]
[EventType "game"]
[EventRounds "9"]
[EventCountry "AUS"]
[Source "ACE"]

1. d4 Nf6 2. c4 e6 3. Nc3 Bb4 4. a3 Bxc3+ 5. bxc3 d6 6. e3 e5 7. Bd3 e4 8. Be2
O-O 9. h4 Nc6 10. Nh3 Na5 11. Nf4 b6 12. g4 Ba6 13. g5 Nd7 14. Qa4 Re8 15. Bd2
Nf8 16. Rg1 c6 17. h5 Rc8 18. Rg3 Rc7 19. Rb1 Rce7 20. Kf1 Ne6 21. g6 fxg6 22.
hxg6 h6 23. Kg2 Nxf4+ 24. exf4 d5 25. f5 Bxc4 26. Bxc4 Nxc4 27. Bxh6 Qd7 28.
Bg5 e3 29. Bxe7 Rxe7 30. Qd1 Qxf5 31. f3 Re6 32. Rc1 Rxg6 33. Rc2 Rxg3+ 34.
Kxg3 Qg5+ 35. Kh2 Nd2 36. Ra2 Qh4+ 37. Kg2 Qf2+ 38. Kh3 e2 39. Qxd2 Qf1+ 0-1

[Event "Sydney International Open"]
[Site "Parramatta, NSW, Australia"]
[Date "2008.03.28"]
[Round "6.9"]
[White "Kresovic, Velimir"]
[Black "Solomon, Stephen"]
[Result "1-0"]
[WhiteElo "2245"]
[BlackElo "2468"]
[Annotator "www.chessaustralia.com.au"]
[PlyCount "114"]
[EventDate "2008.03.27"]
[EventType "game"]
[EventRounds "9"]
[EventCountry "AUS"]
[Source "ACE"]

1. e4 e5 2. Nf3 Nf6 3. Nxe5 d6 4. Nf3 Nxe4 5. d3 Nf6 6. d4 Be7 7. Bd3 Nbd7 8.
h3 Nf8 9. c4 Ng6 10. Be3 O-O 11. Nc3 c6 12. O-O Nh5 13. Re1 Nhf4 14. Bf1 d5 15.
c5 Ne6 16. Qc2 f5 17. Rad1 f4 18. Bc1 Ng5 19. Nh2 f3 20. Bxg5 Bxg5 21. g3 Qf6
22. Qb3 Nf4 23. Ne4 Qg6 24. Nxg5 Ne2+ 25. Bxe2 fxe2 26. Rxe2 Qxg5 27. h4 Qf6
28. Qe3 Bf5 29. Qg5 Be4 30. Qxf6 Rxf6 31. Re3 Raf8 32. Ng4 Rf5 33. f4 h6 34.
Rde1 Kh7 35. Ne5 Re8 36. Rb3 Re7 37. Rf1 h5 38. Re1 Rf8 39. Kf2 g6 40. Nf3 Kg7
41. Ng5 Kf6 42. Rbe3 Kf5 43. Nf3 b6 44. cxb6 axb6 45. Rc1 Rc7 46. Rec3 Rfc8 47.
b4 Ke6 48. Ne5 Kd6 49. g4 hxg4 50. Nxg4 c5 51. bxc5+ bxc5 52. dxc5+ Ke6 53. Ke3
Ra8 54. a3 Ra4 55. Rd1 Bf5 56. Nf2 Rca7 57. c6 Rxa3 1-0

[Event "Sydney International Open"]
[Site "Parramatta, NSW, Australia"]
[Date "2008.03.28"]
[Round "6.10"]
[White "McNamara, Gary"]
[Black "Lane, Gary"]
[Result "0-1"]
[WhiteElo "2084"]
[BlackElo "2412"]
[Annotator "www.chessaustralia.com.au"]
[PlyCount "38"]
[EventDate "2008.03.27"]
[EventType "game"]
[EventRounds "9"]
[EventCountry "AUS"]
[Source "ACE"]

1. e4 e5 2. Nf3 Nc6 3. Bc4 Bc5 4. c3 Nf6 5. d3 a6 6. b4 Ba7 7. O-O d6 8. h3 O-O
9. Re1 h6 10. a3 Nh5 11. d4 Qf6 12. Ra2 Nf4 13. d5 Ne7 14. Kh2 c6 15. dxc6 bxc6
16. Bf1 g5 17. g3 Nxh3 18. Bxh3 Bxh3 19. Kxh3 Qe6+ 0-1

[Event "Sydney International Open"]
[Site "Parramatta, NSW, Australia"]
[Date "2008.03.28"]
[Round "7.1"]
[White "Ganguly, Surya Shekhar"]
[Black "Jones, Gawain"]
[Result "1/2-1/2"]
[WhiteElo "2579"]
[BlackElo "2562"]
[Annotator "www.chessaustralia.com.au"]
[PlyCount "60"]
[EventDate "2008.03.27"]
[EventType "game"]
[EventRounds "9"]
[EventCountry "AUS"]
[Source "ACE"]

1. e4 c5 2. Nf3 Nc6 3. d4 cxd4 4. Nxd4 e5 5. Nb5 a6 6. Nd6+ Bxd6 7. Qxd6 Qf6 8.
Qxf6 Nxf6 9. Nc3 Nb4 10. Kd2 d6 11. a3 Nc6 12. Ke1 h6 13. Be3 Be6 14. Rd1 O-O-O
15. f3 Ne7 16. Kf2 Rhe8 17. g3 d5 18. exd5 Nexd5 19. Nxd5 Nxd5 20. Bc5 Kc7 21.
c4 Nb6 22. Be2 Na4 23. Rxd8 Rxd8 24. Bb4 Nxb2 25. Bc3 Nxc4 26. Bxc4 Bxc4 27.
Bxe5+ Kc6 28. Rc1 b5 29. Bxg7 Rd2+ 30. Kg1 h5 1/2-1/2

[Event "Sydney International Open"]
[Site "Parramatta, NSW, Australia"]
[Date "2008.03.28"]
[Round "7.3"]
[White "Malakhatko, Vadim"]
[Black "Zhang, Zhong"]
[Result "0-1"]
[WhiteElo "2600"]
[BlackElo "2617"]
[Annotator "www.chessaustralia.com.au"]
[PlyCount "20"]
[EventDate "2008.03.27"]
[EventType "game"]
[EventRounds "9"]
[EventCountry "AUS"]
[Source "ACE"]

1. d4 Nf6 2. c4 e6 3. Nf3 b6 4. g3 Ba6 5. b3 Bb7 6. Bg2 Bb4+ 7. Bd2 a5 8. Nc3
O-O 9. O-O d6 10. Qc2 Nbd7 0-1

[Event "Sydney International Open"]
[Site "Parramatta, NSW, Australia"]
[Date "2008.03.28"]
[Round "7.5"]
[White "Chandler, Murray"]
[Black "Reprintsev, Alexander"]
[Result "1-0"]
[WhiteElo "2540"]
[BlackElo "2406"]
[Annotator "www.chessaustralia.com.au"]
[PlyCount "20"]
[EventDate "2008.03.27"]
[EventType "game"]
[EventRounds "9"]
[EventCountry "AUS"]
[Source "ACE"]

1. e4 d5 2. exd5 Qxd5 3. Nc3 Qa5 4. d4 Nf6 5. Nf3 Nc6 6. Bd2 a6 7. Bc4 Qf5 8.
Ne2 b5 9. Bd3 Qd7 10. O-O e6 1-0

[Event "Sydney International Open"]
[Site "Parramatta, NSW, Australia"]
[Date "2008.03.28"]
[Round "7.6"]
[White "Antonio, Rogelio"]
[Black "Kresovic, Velimir"]
[Result "1-0"]
[WhiteElo "2529"]
[BlackElo "2245"]
[Annotator "www.chessaustralia.com.au"]
[PlyCount "40"]
[EventDate "2008.03.27"]
[EventType "game"]
[EventRounds "9"]
[EventCountry "AUS"]
[Source "ACE"]

1. e4 c5 2. Nf3 Nc6 3. Bb5 g6 4. O-O Bg7 5. Bxc6 dxc6 6. d3 e5 7. a3 a5 8. Nc3
Ne7 9. Be3 b6 10. Qd2 h6 11. Na4 Rb8 12. b4 axb4 13. axb4 cxb4 14. Qxb4 b5 15.
Nc5 O-O 16. d4 exd4 17. Bf4 Bg4 18. Bxb8 Qxb8 19. Nxd4 Re8 20. h3 Bc8 1-0

[Event "Sydney International Open"]
[Site "Parramatta, NSW, Australia"]
[Date "2008.03.28"]
[Round "7.7"]
[White "Zozulia, Anna"]
[Black "Johansen, Darryl"]
[Result "1/2-1/2"]
[WhiteElo "2344"]
[BlackElo "2475"]
[Annotator "www.chessaustralia.com.au"]
[PlyCount "38"]
[EventDate "2008.03.27"]
[EventType "game"]
[EventRounds "9"]
[EventCountry "AUS"]
[Source "ACE"]

1. e4 c5 2. Nf3 Nc6 3. d4 cxd4 4. Nxd4 Nf6 5. Nc3 d6 6. Be2 e5 7. Nb3 Be7 8.
O-O O-O 9. f4 exf4 10. Bxf4 Be6 11. Kh1 d5 12. exd5 Nxd5 13. Nxd5 Bxd5 14. Bf3
Bxf3 15. Qxf3 Qb6 16. Qg3 f6 17. Rfe1 Rf7 18. Rad1 Kh8 19. Bd6 Rd8 1/2-1/2

[Event "Sydney International Open"]
[Site "Parramatta, NSW, Australia"]
[Date "2008.03.28"]
[Round "7.8"]
[White "Lane, Gary"]
[Black "Stojic, Dusan"]
[Result "1-0"]
[WhiteElo "2377"]
[BlackElo "2155"]
[Annotator "www.chessaustralia.com.au"]
[PlyCount "22"]
[EventDate "2008.03.27"]
[EventType "game"]
[EventRounds "9"]
[EventCountry "AUS"]
[Source "ACE"]

1. e4 c5 2. Nf3 d6 3. d4 cxd4 4. Nxd4 Nf6 5. Nc3 a6 6. a4 e5 7. Nf3 Be7 8. Bc4
Qc7 9. Qe2 Be6 10. Ba2 O-O 11. O-O h6 1-0

[Event "Sydney International Open"]
[Site "Parramatta, NSW, Australia"]
[Date "2008.03.28"]
[Round "7.9"]
[White "Bitansky, Igor"]
[Black "Swiercz, Dariusz"]
[Result "1-0"]
[WhiteElo "2424"]
[BlackElo "2315"]
[Annotator "www.chessaustralia.com.au"]
[PlyCount "20"]
[EventDate "2008.03.27"]
[EventType "game"]
[EventRounds "9"]
[EventCountry "AUS"]
[Source "ACE"]

1. e4 c5 2. b3 Nc6 3. Bb2 e5 4. Bc4 d6 5. Nc3 Nf6 6. d3 Be7 7. Nge2 O-O 8. O-O
Nd4 9. f4 Bg4 10. h3 Bd7 1-0

[Event "Sydney International Open"]
[Site "Parramatta, NSW, Australia"]
[Date "2008.03.28"]
[Round "7.10"]
[White "Kizov, Atanas"]
[Black "Wallis, Christopher"]
[Result "1-0"]
[WhiteElo "2398"]
[BlackElo "2259"]
[Annotator "www.chessaustralia.com.au"]
[PlyCount "22"]
[EventDate "2008.03.27"]
[EventType "game"]
[EventRounds "9"]
[EventCountry "AUS"]
[Source "ACE"]

1. d4 d5 2. c4 c6 3. cxd5 cxd5 4. Bf4 Nc6 5. e3 Nf6 6. Nc3 Bg4 7. Qb3 Na5 8.
Bb5+ Bd7 9. Bxd7+ Qxd7 10. Qb5 Nc6 11. Nf3 e6 1-0

[Event "Sydney International Open"]
[Site "Parramatta, NSW, Australia"]
[Date "2008.03.29"]
[Round "8.1"]
[White "Zhang, Zhong"]
[Black "Chandler, Murray"]
[Result "1/2-1/2"]
[WhiteElo "2617"]
[BlackElo "2540"]
[Annotator "www.chessaustralia.com.au"]
[PlyCount "24"]
[EventDate "2008.03.27"]
[EventType "game"]
[EventRounds "9"]
[EventCountry "AUS"]
[Source "ACE"]

1. e4 c5 2. Nf3 d6 3. d4 cxd4 4. Qxd4 Nc6 5. Bb5 Bd7 6. Bxc6 Bxc6 7. c4 f5 8.
exf5 Qa5+ 9. Nbd2 Bxf3 10. gxf3 Qxf5 11. Qe4 Qxe4+ 12. Nxe4 Nf6 1/2-1/2

[Event "Sydney International Open"]
[Site "Parramatta, NSW, Australia"]
[Date "2008.03.29"]
[Round "8.2"]
[White "Akobian, Varuzhan"]
[Black "Ganguly, Surya Shekhar"]
[Result "1/2-1/2"]
[WhiteElo "2599"]
[BlackElo "2579"]
[Annotator "www.chessaustralia.com.au"]
[PlyCount "25"]
[EventDate "2008.03.27"]
[EventType "game"]
[EventRounds "9"]
[EventCountry "AUS"]
[Source "ACE"]

1. d4 d5 2. Nf3 Nf6 3. c4 dxc4 4. e3 a6 5. Bxc4 e6 6. O-O c5 7. Bb3 b5 8. a4 b4
9. e4 Bb7 10. e5 Ne4 11. Nbd2 Nxd2 12. Bxd2 cxd4 13. Ng5 1/2-1/2

[Event "Sydney International Open"]
[Site "Parramatta, NSW, Australia"]
[Date "2008.03.29"]
[Round "8.4"]
[White "Zhao, Zong-Yuan"]
[Black "Antonio, Rogelio"]
[Result "1/2-1/2"]
[WhiteElo "2487"]
[BlackElo "2529"]
[Annotator "www.chessaustralia.com.au"]
[PlyCount "38"]
[EventDate "2008.03.27"]
[EventType "game"]
[EventRounds "9"]
[EventCountry "AUS"]
[Source "ACE"]

1. e4 c6 2. d4 d5 3. Nc3 dxe4 4. Nxe4 Nf6 5. Nxf6+ gxf6 6. c3 Bf5 7. Nf3 e6 8.
g3 Qd5 9. Bg2 Qc4 10. Nh4 Bd3 11. Qd2 Bg6 12. b3 Qd3 13. Qxd3 Bxd3 14. Be3 Nd7
15. O-O-O Bg6 16. Kb2 Bg7 17. f4 f5 18. Nf3 Bh5 19. Kc2 Nf6 1/2-1/2

[Event "Sydney International Open"]
[Site "Parramatta, NSW, Australia"]
[Date "2008.03.29"]
[Round "8.5"]
[White "Johansen, Darryl"]
[Black "Lane, Gary"]
[Result "1-0"]
[WhiteElo "2475"]
[BlackElo "2412"]
[Annotator "www.chessaustralia.com.au"]
[PlyCount "20"]
[EventDate "2008.03.27"]
[EventType "game"]
[EventRounds "9"]
[EventCountry "AUS"]
[Source "ACE"]

1. d4 Nf6 2. c4 g6 3. Nc3 Bg7 4. e4 d6 5. Be2 O-O 6. Nf3 e5 7. Be3 Nbd7 8. O-O
Re8 9. d5 Nh5 10. g3 Rf8 1-0

[Event "Sydney International Open"]
[Site "Parramatta, NSW, Australia"]
[Date "2008.03.29"]
[Round "8.6"]
[White "Bitansky, Igor"]
[Black "Zozulia, Anna"]
[Result "1/2-1/2"]
[WhiteElo "2424"]
[BlackElo "2344"]
[Annotator "www.chessaustralia.com.au"]
[PlyCount "33"]
[EventDate "2008.03.27"]
[EventType "game"]
[EventRounds "9"]
[EventCountry "AUS"]
[Source "ACE"]

1. e4 c5 2. b3 Nc6 3. Bb2 d6 4. Bb5 e5 5. Ne2 Nf6 6. Nbc3 Be7 7. O-O O-O 8.
Bxc6 bxc6 9. d3 Nh5 10. Ng3 Nxg3 11. hxg3 f5 12. exf5 Bxf5 13. Qe2 Qd7 14. Qe3
Rae8 15. Ne4 Bg6 16. Rfe1 Rf7 17. f3 1/2-1/2

[Event "Sydney International Open"]
[Site "Parramatta, NSW, Australia"]
[Date "2008.03.29"]
[Round "8.7"]
[White "Smith, Robert"]
[Black "Kizov, Atanas"]
[Result "0-1"]
[WhiteElo "2333"]
[BlackElo "2398"]
[Annotator "www.chessaustralia.com.au"]
[PlyCount "64"]
[EventDate "2008.03.27"]
[EventType "game"]
[EventRounds "9"]
[EventCountry "AUS"]
[Source "ACE"]

1. e4 e5 2. Nf3 Nc6 3. d4 exd4 4. Bc4 Nf6 5. e5 Ng4 6. Qe2 Qe7 7. Bf4 f6 8.
exf6 gxf6 9. O-O d5 10. Bb5 Qxe2 11. Bxe2 Nge5 12. Nbd2 Bf5 13. Bb5 Bd6 14.
Nxd4 Bd7 15. Ne2 O-O-O 16. Bg3 h5 17. f3 h4 18. Bf2 Rdg8 19. Kh1 Bf5 20. Bxc6
Nxc6 21. Rac1 Be5 22. c3 Bd6 23. Nd4 Nxd4 24. Bxd4 Bf4 25. Rf2 Bd3 26. Bxf6 Rh6
27. Bd4 Bg3 28. hxg3 hxg3+ 29. Kg1 Re8 30. Ne4 dxe4 31. Rd2 Re7 32. Be3 Reh7
0-1

[Event "Sydney International Open"]
[Site "Parramatta, NSW, Australia"]
[Date "2008.03.28"]
[Round "8.8"]
[White "De Ramos, Joseph Julius"]
[Black "Malakhatko, Vadim"]
[Result "0-1"]
[WhiteElo "2256"]
[BlackElo "2600"]
[Annotator "www.chessaustralia.com.au"]
[PlyCount "60"]
[EventDate "2008.03.27"]
[EventType "game"]
[EventRounds "9"]
[EventCountry "AUS"]
[Source "ACE"]

1. Nf3 c5 2. c4 Nc6 3. Nc3 g6 4. g3 Bg7 5. Bg2 d6 6. O-O Rb8 7. e3 Nf6 8. d4
O-O 9. b3 a6 10. Qe2 Bg4 11. Rd1 Nd7 12. Qd2 cxd4 13. Nxd4 Nxd4 14. exd4 Bxd1
15. Qxd1 b5 16. Be3 bxc4 17. bxc4 Nb6 18. Bf1 Qc7 19. c5 dxc5 20. dxc5 Bxc3 21.
cxb6 Rxb6 22. Bxb6 Qxb6 23. Rb1 Qf6 24. Rb7 Bd4 25. Qd2 Rd8 26. Rb3 Rd6 27. Qe2
e6 28. Qf3 g5 29. a4 Qxf3 30. Rxf3 Rc6 0-1

[Event "Sydney International Open"]
[Site "Parramatta, NSW, Australia"]
[Date "2008.03.29"]
[Round "8.9"]
[White "Samar, Raul"]
[Black "Solomon, Stephen"]
[Result "0-1"]
[WhiteElo "2254"]
[BlackElo "2468"]
[Annotator "www.chessaustralia.com.au"]
[PlyCount "82"]
[EventDate "2008.03.27"]
[EventType "game"]
[EventRounds "9"]
[EventCountry "AUS"]
[Source "ACE"]

1. d4 Nf6 2. c4 e5 3. dxe5 Ng4 4. Nf3 Nc6 5. e4 Bc5 6. Be3 Bxe3 7. fxe3 Ngxe5
8. Nc3 O-O 9. Qd2 d6 10. Be2 a5 11. O-O Nd7 12. Nd4 Nce5 13. b3 Nc5 14. Rab1
Re8 15. Kh1 Bd7 16. Bf3 Ng6 17. Nf5 Re5 18. a3 Bc6 19. Ng3 Re8 20. b4 axb4 21.
axb4 Ne6 22. Nd5 b6 23. Nf5 Ne5 24. Qc2 Bb7 25. Rfd1 g6 26. Nd4 Kg7 27. Nf4 Ra3
28. Nb3 Qg5 29. Qc1 Ra2 30. Rd2 Rxd2 31. Qxd2 Nxc4 32. Qc3+ Ne5 33. Nxe6+ Rxe6
34. Nd4 Rf6 35. b5 h5 36. Re1 h4 37. h3 Nxf3 38. Nxf3 Qg3 39. Rf1 Bxe4 40. Nxh4
Qxh4 41. Rf4 Qxh3+ 0-1

[Event "Sydney International Open"]
[Site "Parramatta, NSW, Australia"]
[Date "2008.03.29"]
[Round "8.10"]
[White "Reprintsev, Alexander"]
[Black "Chow, Sam"]
[Result "0-1"]
[WhiteElo "2406"]
[BlackElo "2240"]
[Annotator "www.chessaustralia.com.au"]
[PlyCount "27"]
[EventDate "2008.03.27"]
[EventType "game"]
[EventRounds "9"]
[EventCountry "AUS"]
[Source "ACE"]

1. e4 e6 2. Qe2 c5 3. b3 Nc6 4. Bb2 Nge7 5. e5 Ng6 6. Nf3 Be7 7. h4 O-O 8. h5
Nh8 9. Nc3 f5 10. O-O-O a6 11. d4 cxd4 12. Nxd4 Nxd4 13. Rxd4 b5 14. g4 0-1

[Event "Sydney International Open"]
[Site "Parramatta, NSW, Australia"]
[Date "2008.03.29"]
[Round "9.1"]
[White "Akobian, Varuzhan"]
[Black "Zhang, Zhong"]
[Result "1/2-1/2"]
[WhiteElo "2599"]
[BlackElo "2617"]
[Annotator "www.chessaustralia.com.au"]
[PlyCount "52"]
[EventDate "2008.03.27"]
[EventType "game"]
[EventRounds "9"]
[EventCountry "AUS"]
[Source "ACE"]

1. d4 Nf6 2. c4 e6 3. Nc3 Bb4 4. Qc2 O-O 5. a3 Bxc3+ 6. Qxc3 d6 7. Bg5 Nbd7 8.
f3 b6 9. e4 c5 10. Nh3 h6 11. Be3 Ba6 12. Nf2 Rc8 13. Rd1 Qc7 14. dxc5 dxc5 15.
Be2 e5 16. Qc1 Nb8 17. O-O Nc6 18. Rfe1 Rfe8 19. Bf1 Nh7 20. Rd3 Nf8 21. Nd1
Nd4 22. Bf2 Nfe6 23. Ne3 Nf4 24. Rc3 Bb7 25. Nd5 Bxd5 26. cxd5 Qd6 1/2-1/2

[Event "Sydney International Open"]
[Site "Parramatta, NSW, Australia"]
[Date "2008.03.29"]
[Round "9.2"]
[White "Ganguly, Surya Shekhar"]
[Black "Gagunashvili , Merab"]
[Result "1/2-1/2"]
[WhiteElo "2579"]
[BlackElo "2553"]
[Annotator "www.chessaustralia.com.au"]
[PlyCount "47"]
[EventDate "2008.03.27"]
[EventType "game"]
[EventRounds "9"]
[EventCountry "AUS"]
[Source "ACE"]

1. e4 c6 2. d4 d5 3. Nd2 dxe4 4. Nxe4 Bf5 5. Ng3 Bg6 6. h4 h6 7. Nf3 Nd7 8. h5
Bh7 9. Bd3 Bxd3 10. Qxd3 e6 11. Bd2 Ngf6 12. O-O-O Qc7 13. Ne4 O-O-O 14. g3
Nxe4 15. Qxe4 Nf6 16. Qe2 Bd6 17. Kb1 Kb8 18. c4 c5 19. dxc5 Qxc5 20. Be3 Qf5+
21. Ka1 e5 22. c5 Bc7 23. c6 b6 24. Qa6 1/2-1/2

[Event "Sydney International Open"]
[Site "Parramatta, NSW, Australia"]
[Date "2008.03.29"]
[Round "9.3"]
[White "Kizov, Atanas"]
[Black "Jones, Gawain"]
[Result "0-1"]
[WhiteElo "2398"]
[BlackElo "2562"]
[Annotator "www.chessaustralia.com.au"]
[PlyCount "64"]
[EventDate "2008.03.27"]
[EventType "game"]
[EventRounds "9"]
[EventCountry "AUS"]
[Source "ACE"]

1. d4 Nf6 2. c4 c5 3. d5 b5 4. cxb5 a6 5. bxa6 g6 6. Nc3 Bxa6 7. g3 d6 8. Bg2
Bg7 9. Nf3 Nbd7 10. Rb1 Nb6 11. b3 Bc8 12. Nh4 h6 13. Qc2 Qd7 14. e4 Ba6 15. a4
O-O 16. Nb5 Bxb5 17. axb5 Qxb5 18. Bd2 Qa6 19. Bc3 Ng4 20. Nf3 Qa2 21. Rb2 Qa1+
22. Kd2 Bxc3+ 23. Qxc3 Qa3 24. Rf1 c4 25. h3 cxb3 26. Rxb3 Qa2+ 27. Qc2 Rfc8
28. Qxa2 Rxa2+ 29. Kd3 Nxf2+ 30. Ke3 Nc4+ 31. Kd4 Na5 32. Rb4 e5+ 0-1

[Event "Sydney International Open"]
[Site "Parramatta, NSW, Australia"]
[Date "2008.03.29"]
[Round "9.4"]
[White "Chandler, Murray"]
[Black "Zhao, Zong-Yuan"]
[Result "0-1"]
[WhiteElo "2540"]
[BlackElo "2487"]
[Annotator "www.chessaustralia.com.au"]
[PlyCount "60"]
[EventDate "2008.03.27"]
[EventType "game"]
[EventRounds "9"]
[EventCountry "AUS"]
[Source "ACE"]

1. e4 e5 2. Nf3 Nc6 3. Bc4 Bc5 4. b4 Bxb4 5. c3 Bd6 6. d4 Nf6 7. O-O O-O 8. Re1
b6 9. Bd5 Be7 10. dxe5 Nxd5 11. exd5 Na5 12. d6 cxd6 13. exd6 Bf6 14. Qd3 Bb7
15. Bf4 Rc8 16. Nd4 Bxd4 17. Qxd4 Rc4 18. Qd2 Qf6 19. Bg3 h5 20. h4 Qg6 21. Re5
f6 22. Re7 Bc6 23. Qe1 f5 24. Nd2 f4 25. Nxc4 fxg3 26. fxg3 Nxc4 27. Kh2 Nxd6
28. Rd1 Nf5 29. Re5 Nxh4 30. Rxd7 Bxd7 0-1

[Event "Sydney International Open"]
[Site "Parramatta, NSW, Australia"]
[Date "2008.03.29"]
[Round "9.5"]
[White "Antonio, Rogelio"]
[Black "Johansen, Darryl"]
[Result "1/2-1/2"]
[WhiteElo "2529"]
[BlackElo "2475"]
[Annotator "www.chessaustralia.com.au"]
[PlyCount "40"]
[EventDate "2008.03.27"]
[EventType "game"]
[EventRounds "9"]
[EventCountry "AUS"]
[Source "ACE"]

1. e4 c5 2. Nf3 e6 3. c3 d5 4. exd5 Qxd5 5. d4 Nf6 6. Be3 cxd4 7. cxd4 Be7 8.
Nc3 Qd8 9. Bd3 O-O 10. Rc1 b6 11. O-O Bb7 12. Qe2 Nc6 13. a3 Rc8 14. Rc2 Qd6
15. Rfc1 Qb8 16. Ba6 Rfd8 17. h3 h6 18. b4 Bf8 19. Qb5 Ne7 20. Ne5 Qa8 1/2-1/2